000 01200nam a2200289 i 4500
001 12100
003 ES-MaACL
005 20230906150235.0
007 t|
008 970410s1988 sp ||||1| spa d
020 _a84-505-8040-4
080 _a39(464.1 M.)"17"
080 _a860-94"17"
080 _a860-14"17"
100 1 _aVilla de San Andrés, Cristobal del Hoyo
_cMarqués de la.
_9114881
245 1 0 _aCarta del Marqués de la Villa de San Andrés y Vizconde de Buen Paso respondiendo a un amigo suyo lo que siente de la corte de Madrid /
_cVizconde de Buen Paso ; [edición de Miguel Angel hernández González].
260 _a[Santa Cruz de Tenerife] :
_bViceconsejería de Cultura y Deportes, Gobierno de Canarias,
_c1988.
300 _a233 p. ;
_c21 cm.
490 1 _aBiblioteca básica canaria ;
_v8
500 _aTit. de la cub. : Carta de la Corte de Madrid.
651 4 _aMadrid-
_xUsos y costumbres-
_yS.XVIII.
_98991
700 1 _aHernández González, Miguel Ángel.
_962951
710 1 _aCanarias.
_bViceconsejería de Cultura y Deportes.
_92427
830 0 _aBiblioteca básica canaria ;
_v8
_9177611
852 _aES-MaACL
_jL-19491
_bR.122357
999 _c12100
_d12100